Online
Catalog

De Colón a Humboldt / (Record no. 6917)

MARC details
000 -CABECERA
campo de control de longitud fija 01553cam a2200289 a 4500
001 - NÚMERO DE CONTROL
campo de control 000007136
005 - FECHA Y HORA DE LA ÚLTIMA TRANSACCIÓN
campo de control 20251105110124.0
008 - DATOS DE LONGITUD FIJA--INFORMACIÓN GENERAL
campo de control de longitud fija 000425s1999 mx b f000 0 spa d
020 ## - NÚMERO INTERNACIONAL ESTÁNDAR DEL LIBRO
Número Internacional Estándar del Libro 9686384375
040 ## - FUENTE DE LA CATALOGACIÓN
Centro catalogador/agencia de origen DO-SdBNP
Centro/agencia transcriptor DLC
Centro/agencia modificador DLC
-- BNPHU
082 ## - NÚMERO DE LA CLASIFICACIÓN DECIMAL DEWEY
Número de clasificación 923.9
Número de documento/Ítem H919
049 ## - FONDOS LOCALES (OCLC)
Fondos de biblioteca BNGR
245 00 - MENCIÓN DE TÍTULO
Título De Colón a Humboldt /
Mención de responsabilidad, etc. Leopoldo Zea, Mario Magallón, compiladores : introducción de Charles Minguet y Humboldt.
260 ## - PUBLICACIÓN, DISTRIBUCIÓN, ETC.
Lugar de publicación, distribución, etc. México :
Nombre del editor, distribuidor, etc. Instituto Panamericano de Geografía e Historia ;
-- Fondo de Cultura Económica,
Fecha de publicación, distribución, etc. 1999.
300 ## - DESCRIPCIÓN FÍSICA
Extensión 133 p. ;
Dimensiones 21 cm.
490 1# - MENCIÓN DE SERIE
Mención de serie Latinoamérica fin de milenio
Designación de volumen o secuencia 11
504 ## - NOTA DE BIBLIOGRAFÍA, ETC.
Nota de bibliografía, etc. Incluye referencias bibliográficas.
505 0# - NOTA DE CONTENIDO CON FORMATO
Nota de contenido con formato Colón y Vespucio en la visión geohistórica de Alejandro de Humboldt / Charles Minguet -- Colón y el tercer viaje en la obra de Paolo Emilio Taviani (y sobre los nombres de Venezuela y America) / Alberto Filippi -- El paraíso : de Colón a Humboldt / Leopoldo Zea -- Cristóbal Colón y el Islam / Hernán G.H. Taboada -- Tres fines de siglo : colonialismo/poscolonialismo/posmodernidad. Espacios culturales entre lo homogéneo y lo heterogéneo / Ottmar Ette.
600 14 - PUNTO DE ACCESO ADICIONAL DE MATERIA--NOMBRE DE PERSONA
Nombre de persona HUMBOLDT, ALEXANDER VON,
Fechas asociadas al nombre 1769-1859
9 (RLIN) 19784
651 #0 - PUNTO DE ACCESO ADICIONAL DE MATERIA--NOMBRE GEOGRÁFICO
Nombre geográfico América Latina
Subdivisión general Civilización
9 (RLIN) 16665
600 #0 - PUNTO DE ACCESO ADICIONAL DE MATERIA--NOMBRE DE PERSONA
Nombre de persona COLÓN, CRISTOBAL,
Fechas asociadas al nombre 1436-1456
9 (RLIN) 19795
700 1# - PUNTO DE ACCESO ADICIONAL--NOMBRE DE PERSONA
Nombre de persona Zea, Leopoldo,
Fechas asociadas al nombre 1912-
9 (RLIN) 3675
700 1# - PUNTO DE ACCESO ADICIONAL--NOMBRE DE PERSONA
Nombre de persona Magallón, Mario.
9 (RLIN) 19796
700 1# - PUNTO DE ACCESO ADICIONAL--NOMBRE DE PERSONA
Nombre de persona Minguet, Charles,
Fechas asociadas al nombre 1799-1804
Término indicativo de función/relación introd.
9 (RLIN) 19797
830 #0 - PUNTO DE ACCESO ADICIONAL DE SERIE-TÍTULO UNIFORME
Título uniforme Latinoamérica fin de mílenio ;
Designación de volumen o secuencia 11
9 (RLIN) 3670
910 ## - DATOS DE OPCIÓN DEL USUARIO (OCLC)
Datos de opción del usuario Catalogación por copia / LC
Holdings
Estado de retiro Estado de pérdida Restricciones de uso No para préstamo Código de colección Localización permanente Ubicación/localización actual Ubicación en estantería Fecha de adquisición Número de inventario Total de préstamos Signatura topográfica completa Código de barras Fecha visto por última vez Precio válido a partir de Tipo de ítem Koha
    Préstamo interno   Monografías: Libros y Folletos General General En catalogación 04.09.2009 LF1   923.9 H919 7136-10 25.06.2020 25.06.2020 Préstamo interno
        Monografías: Libros y Folletos Patrimonio Dominicano Patrimonio Dominicano Orden iniciada 26.05.2017 LF1   923.9 H919 7136-20 25.06.2020 25.06.2020 No se presta

Powered by Koha